Представление документа в формате RUSMARC

Поле Инд. ПП Название Значение
Тип записи a
Библиографический уровень s
001 Контрольный номер f5c1b19adf16479b9642419102f56ec9
005 Дата корректировки 20250219131000.4
011 a ISSN 2072-3636
102 a Страна публикации RU
200 1_ a Заглавие Администратор суда
b Общее обозначение материала Текст
210 1_ d Дата издания 2016
610 0_ a Ключевые слова Периодика 2016
801 _0 a Страна RU
b Организация РГУП
g Правила каталогизации PSBO
801 _1 a Страна RU
b Организация РГУП
g Правила каталогизации PSBO
830 a Общее примечание каталогизатора Подписка 2016
901 t Тип документа u
905 a Дата ввода 20181126